000
00319nam a2200145Ia 4500
008
240112s2019 xx 000 0 und d
022
_a
0019-5863
041
_a
eng
082
_a
612
100
_a
MEHTA A. K.
245
_a
INDIAN MEDICAL GAZETTE
260
_b
IMG
_c
2019
300
_a
34
_c
JAN-AUG
440
_v
8
999
_c
1145844
_d
1145844